| 000 | 00503nam a2200193Ia 4500 | ||
|---|---|---|---|
| 003 | GCL | ||
| 008 | 140319s9999 xx 000 0 eng d | ||
| 020 | _a0751304077 | ||
| 040 |
_aGCL / _cGCL |
||
| 082 | 0 | 4 |
_a915.93 _bD T |
| 245 | 1 | 0 | _aTHAILAND |
| 260 |
_aانجلترا : _bDORLING KINDERSLEY ، _c1996 |
||
| 300 |
_a18 CM ؛ _c506 P |
||
| 650 | 0 | 4 | _aTHAILAND |
| 650 | 0 | 4 | _aTHAILAND - DESCRIPTION AND TRAVEL |
| 650 | 0 | 4 | _aFESTIVALS - THAILAND |
| 650 | 0 | 4 | _aARCHITECTURE - THAILAND |
| 942 |
_2ddc _cBK |
||
| 999 |
_c1801 _d1801 |
||